Loading...
| Science - Physics | 0 | 6 | 0 | 1 | 60 | 28 | 54.00 | 1 | 4 | 26.76 | 33.33 |
| Science - Other | 0 | 4 | 1 | 0 | 35 | 32 | 49.50 | 2 | 4 | 21.10 | 33.33 |
| History - European | 0 | 3 | 0 | 0 | 30 | 25 | 43.33 | 1 | 2 | 16.09 | 18.18 |
| Philosophy | 0 | 2 | 0 | 0 | 20 | 8 | 29.50 | 1 | 2 | 16.01 | 19.75 |
| Social Science | 0 | 2 | 0 | 1 | 20 | 34 | 72.00 | 0 | 1 | 8.74 | 12.50 |
| Science - Biology | 0 | 2 | 0 | 0 | 20 | 49 | 66.00 | 0 | 2 | 6.38 | 15.15 |
| History - American | 0 | 2 | 0 | 0 | 20 | 52 | 73.00 | 0 | 1 | 5.65 | 10.10 |
| History - Other | 0 | 2 | 1 | 0 | 15 | 42 | 60.00 | 1 | 1 | 7.55 | 14.14 |
| Science - Chemistry | 0 | 2 | 1 | 1 | 15 | 59 | 79.50 | 0 | 0 | 3.50 | 7.07 |
| Current Events | 0 | 1 | 0 | 0 | 10 | 37 | 37.00 | 0 | 1 | 13.15 | 15.56 |
| Religion | 0 | 0 | 1 | 0 | -5 | 0.00 | 0 | 0 | 0.00 | 0.00 |